000
00295nam a22001217a 4500
008
230626b xxu||||| |||| 00| 0 eng d
082
_a
328.71
_b
CPA
100
_b
CPA
245
_a
Twenty-Third Commonwealth Parliamentary Conference
260
_a
Canada
_c
1977
300
_a
397p
942
_2
ddc
_c
BK
999
_c
2572
_d
2572